000 02104nam a22003614i 4500
999 _c64598
_d64598
001 29258790
003 OCoLC
005 20181003092637.0
008 931014s1994 miu b 001 0 eng
010 _a93033915
020 _a0310530903 (alk. paper)
040 _aDLC
_dCWS
_bspa
_cCO-MdFUSB
_erda
041 _aeng
082 _223
_a220.6
_bK13
100 1 _aKaiser, Walter C.,
_d1933-
_eautor
245 1 3 _aAn introduction to biblical hermeneutics
_b: the search for meaning
_c/ Walter C. Kaiser, Jr., y Moises Silva.
264 1 _aGrand Rapids, Mich. :
_bZondervan,
_c℗[1994]
264 4 _c©1994
300 _a298 páginas ;
_c25 cm.
336 _2rdacontent
_atexto
_btxt
337 _2rdamedia
_asin mediación
_bn
338 _2rdacarrier
_avolumen
_bnc
505 0 _tParte 1. La búsqueda de sentido: direcciones iniciales.
_a¿Quién necesita hermenéutica de todos modos? -- El significado del significado -- Seamos lógicos: usar y abusar del lenguaje
505 0 _tParte 2. Entender el texto: Significado en los géneros literarios.
_a"Recordaré los hechos del Señor": El significado de las narraciones -- "Mi corazón está conmovido por un tema noble": El significado de la poesía y la sabiduría -- "Pero éstas están escritas para que puedas creer": El significado de Los evangelios -- Cómo leer una carta: El significado de las epístolas -- ¿Qué pasa con el futuro? El significado de la profecía
505 0 _tParte 3. Responder al texto: Significado y aplicación.
_a"Como el venado jadea las corrientes de agua": el uso devocional de la Biblia -- Obedecer la Palabra: El uso cultural de la Biblia -- Poner todo junto: El uso teológico de la Biblia
505 0 _tParte 4. La búsqueda de significado: Más adelante retos
_aUna breve historia de la interpretación -- Enfoques contemporáneos de la interpretación -- El caso de la hermenéutica calvinista -- Observaciones finales.
563 _aTapa dura
650 7 _aHermenéutica
_9418
700 1 _aSilva, Moisés.
_eautor
942 _cBK